00357cam a22001217a 4500008004000000082001600040245007300056260002800129300001000157650002900167650002300196700001600219180718b1978 xxu||||| |||| 00| 0 eng d aN63x54 B299 aUnderground literature during Indian emergencycedited by Sajal Basu aCalcuttabMinervac1978 a242p. aProhibited books - India aCensorship - India aBasu, Sajal